| 000 | 02828cam a2200457 i 4500 | ||
|---|---|---|---|
| 999 |
_c529817 _d529817 |
||
| 001 | 18832977 | ||
| 003 | NUST | ||
| 005 | 20191003125546.0 | ||
| 008 | 151026s2016 nyu 000 1 eng | ||
| 010 | _a 2015038503 | ||
| 020 | _a9780525954576 (hardcover) | ||
| 020 | _z9780698404229 (ebook) | ||
| 038 | _awaseem | ||
| 040 |
_aDLC _beng _cDLC _erda _dDLC |
||
| 042 | _apcc | ||
| 043 | _an-us-ma | ||
| 050 | 0 | 0 |
_aPS3557.A7132 _bF56 2016 |
| 082 | 0 | 0 |
_a813.54 _bGAR |
| 084 |
_aFIC030000 _aFIC022020 _2bisacsh |
||
| 100 | 1 |
_aGardner, Lisa, _eauthor. _922696 |
|
| 245 | 1 | 0 |
_aFind her : _ba novel / _cLisa Gardner. |
| 264 | 1 |
_aNew York, New York : _bDutton, _c[2016] |
|
| 300 |
_a402 pages ; _c24 cm |
||
| 336 |
_atext _2rdacontent |
||
| 337 |
_aunmediated _2rdamedia |
||
| 338 |
_avolume _2rdacarrier |
||
| 520 |
_a"Flora Dane is a victim. Seven years ago, carefree college student Flora was kidnapped while on spring break. For 472 days, Flora learned just how much one person can endure. Flora Dane is a survivor. Miraculously alive after her ordeal, Flora has spent the past five years reacquainting herself with the rhythms of normal life, working with her FBI victim advocate, Samuel Keynes. She has a mother who's never stopped loving her, a brother who is scared of the person she's become, and a bedroom wall covered with photos of other girls who've never made it home. Flora Dane is reckless.. or is she? When Boston detective D. D. Warren is called to the scene of a crime--a dead man and the bound, naked woman who killed him--she learns that Flora has tangled with three other suspects since her return to society. Is Flora a victim or a vigilante? And with her firsthand knowledge of criminal behavior, could she hold the key to rescuing a missing college student whose abduction has rocked Boston? When Flora herself disappears, D.D. realizes a far more sinister predator is out there. One who's determined that this time, Flora Dane will never escape. And now it is all up to D. D. Warren to find her"-- _cProvided by publisher. |
||
| 600 | 1 | 0 |
_aWarren, D. D. _c(Fictitious character) _vFiction. _922697 |
| 650 | 0 |
_aPolice _zMassachusetts _zBoston _vFiction. _922698 |
|
| 650 | 0 |
_aMissing persons _xInvestigation _vFiction. _97715 |
|
| 650 | 0 |
_aWomen college students _vFiction. _922699 |
|
| 650 | 0 |
_aVigilante _vFiction. _922700 |
|
| 650 | 7 |
_aFICTION / Suspense. _2bisacsh _922570 |
|
| 650 | 7 |
_aFICTION / Mystery & Detective / Police Procedural. _2bisacsh _922701 |
|
| 655 | 7 |
_aMystery fiction. _2gsafd _95621 |
|
| 655 | 7 |
_aSuspense fiction. _2gsafd _94577 |
|
| 856 | 4 | 2 |
_3Cover image _u9780525954576.jpg |
| 906 |
_a7 _bcbc _corignew _d1 _eecip _f20 _gy-gencatlg |
||
| 942 |
_2ddc _cBK |
||